000
00222nam a2200097Ia 4500
005
20251222114415.0
008
251222s1900||||xx |||||||||||||| ||spa||
082
_a
DVD0098/B44/2006
245
0
_a
Tutto Dante:Dante
942
_c
DVD
999
_c
2190
_d
2190